| 000 | 00656nam a2200241Ia 4500 | ||
|---|---|---|---|
| 003 | OSt | ||
| 005 | 20220923224020.0 | ||
| 006 | a|||||r|||| 00| 0 | ||
| 007 | ta | ||
| 008 | Pun | ||
| 024 | _a224,065 | ||
| 037 | _cTextual | ||
| 040 |
_aARTS _cARTS _bPun |
||
| 041 |
_2Pun _aPun |
||
| 082 | _a4, 153J3 | ||
| 100 | _aਗੰਡਾ ਸਿੰਘ | ||
| 245 | 0 | _aਪੰਜਾਬੀ ਪੱਤਰ ਕਲਾ | |
| 260 |
_aਪਟਿਆਲਾ _b ਮਹਿਕਮਾ ਪੰਜਾਬੀ _c1953 |
||
| 300 |
_a341ਪੰ _ccm. |
||
| 650 | _aਪਤਰਕਾਰਿਤਾ | ||
| 942 |
_h4, 153J3 _cTEXL _2CC |
||
| 999 |
_c368682 _d368682 |
||